| 000 | 00747nam a2200289Ia 4500 | ||
|---|---|---|---|
| 003 | OSt | ||
| 005 | 20220924122314.0 | ||
| 006 | a|||||r|||| 00| 0 | ||
| 007 | ta | ||
| 008 | 220923b |||||||| |||| 00| 0 urd d | ||
| 020 | _a12 | ||
| 020 | _c12 | ||
| 024 | _a322079 | ||
| 037 | _cTextual | ||
| 040 |
_aARTS _cARTS _burd |
||
| 041 |
_2urd _aurd |
||
| 082 | _aR4, 168K2 | ||
| 100 |
_aTeng Lin U Au. _9189053 |
||
| 245 | 0 | _aJeene ki ahmiyat | |
| 260 |
_aLahore _bMeri library Pakistan _c1962 |
||
| 300 |
_a744p. _ccm. |
||
| 650 | _a PHILOSOPHY | ||
| 650 | _aETHICS | ||
| 700 |
_a Siddiqi Mukhtar Tr. _9189054 |
||
| 942 |
_hR4, 168K2 _cTEXL _2CC |
||
| 999 |
_c411125 _d411125 |
||